1269 1286 1231 1440 1898 1913 1568 1318 1638 1993 1319 1745 1443 1152 1179 1532 1642 1060 1918 1152 1146 1362 1659 1683 1278 1988 1309 1880 1643 1764 1921 1271 1113 1436 1832 1846 1653 1693 1888 1608 1051 1762 1328 1113 1673 1794 1172 1157 1395 1317 1182 1205 1370 1146 1273 1423 1351 1685 1827 1651 1675 1093 1508 1133 1844 1130 1614 1861 1233 1242 1762 1831 1850 1792 1313 1176 1886 1836 1520 1297 1419 1390 1764 1016 1258 1504 1924 1132 1851 1450 1366 1151 1896 1646 1956 1781 1371 1408 1422 BCNSPRNW ULIB Ver.6.0+V

เปลี่ยนเป็นภาษาไทย

Change to English
 แสดงรายละเอียดบรรณานุกรม
  กลับหน้าหลัก

Brief Record : Get Marc (ISO 2709) : E-mail record : QR code < ปิดหน้าต่าง
LEADER : 00000nam 2200000uu 4500
001    13399129073
003     ULIB
008    250605s2567||||th 000 0 tha d
020    ^a9786166085761
060  4 ^aWY157^bร334ก
100 0  ^aรัชนีกร สันติธรรม
245 1  ^aการพยาบาลสตรีตั้งครรภ์ :^bการส่งเสริมภาวะโภชนาการ^c/ รัชนีกร สันติธรรม.
250    ^aพิมพ์ครั้งที่ 3
260    ^aเชียงใหม่ :^bโรงพิมพ์ยูเนี่ยนปริ้นท์ชัวร์,^c2567.
300    ^aaก-ช, 120 หน้า :^bภาพประกอบ.
505 0  ^aความสำคัญของโภชนาการต่อการตั้งครรภ์ -- ชนิดของสารอาหารและปริมาณอาหารสำหรับสตรีตั้งครรภ์ -- ปัจจัยที่มีผลต่อภาวะโภชนาการในระยะตั้งครรภ์ -- การประเมินภาวะโภชนาการในสตรีตั้งครรภ์ -- บทบาทพยาบาลในการส่งเสริมด้านโภชนาการในสตรีตั้งครรภ์.
650  4 ^aการตั้งครรภ์^xแง่โภชนาการ
650  4 ^aการพยาบาลสูติศาสตร์
945    ^p290^l0^i30555
945    ^p290^l0^i30556
945    ^p290^l0^i30557
945    ^p290^l0^i30558
945    ^p290^l0^i30559
999    ^aกัณชพร จุลอักษร
รายการนี้ยังไม่มีแท็ก
คุณยังไม่ได้ล็อกอิน คุณสามารถมีกิจกรรมร่วมกับเว็บไซต์ได้ แต่ต้องล็อกอินก่อน ::
  ล็อกอิน

รายการสื่อสารสนเทศ

ลำดับที่ ประเภท เลขเรียก/บาร์โค้ด สถานที่ สถานะ
1. หนังสือสำรอง
หนังสือสำรอง
WY157 ร334ก ฉ.1 
  Barcode: 30555
ห้องสมุดวิทยาเขตนครสวรรค์
►หนังสือทั่วไป:l:General Books
บนชั้น
2. วิทยาศาสตร์การแพทย์ และสุขภาพ
วิทยาศาสตร์การแพทย์ และสุขภาพ
WY157 ร334ก ฉ.2 
  Barcode: 30556
ห้องสมุดวิทยาเขตนครสวรรค์
►หนังสือทั่วไป:l:General Books
บนชั้น
3. วิทยาศาสตร์การแพทย์ และสุขภาพ
วิทยาศาสตร์การแพทย์ และสุขภาพ
WY157 ร334ก ฉ.3 
  Barcode: 30557
ห้องสมุดวิทยาเขตนครสวรรค์
►หนังสือทั่วไป:l:General Books
บนชั้น
4. วิทยาศาสตร์การแพทย์ และสุขภาพ
วิทยาศาสตร์การแพทย์ และสุขภาพ
WY157 ร334ก ฉ.4 
  Barcode: 30558
ห้องสมุดวิทยาเขตนครสวรรค์
►หนังสือทั่วไป:l:General Books
บนชั้น
5. วิทยาศาสตร์การแพทย์ และสุขภาพ
วิทยาศาสตร์การแพทย์ และสุขภาพ
WY157 ร334ก ฉ.5 
  Barcode: 30559
ห้องสมุดวิทยาเขตนครสวรรค์
►หนังสือทั่วไป:l:General Books
บนชั้น

รายการใกล้เคียง
    ผู้แต่ง [รัชนีกร สันติธรรม]

    หัวเรื่อง [การพยาบาลสูติศาสตร์]

BibComment


ยังไม่เคยถูกคอมเมนท์

คอมเมนท์ทรัพยากรรายการนี้
  คอมเมนท์: การพยาบาลสตรีตั้..


 Copyright 2026. Bcnsprnw @Library